00337nam a2200121Ia 4500008004100000041000800041082001600049100001600065245004500081260005400126300002400180365001100204240624s9999 xx 000 0 und d aeng a650.144 RUS aRUSSELL KEN aTEST YOUR IQ 400 NEW TESTS TO BOOST YOUR c2008aNew DelhibKogan Page India Private limited a186 : p. : cm. ; 22 cRSb33